beabadoobee Complete Discography - Statistics

General Stats
  • This quiz has been taken 167 times
  • The average score is 39 of 86
Answer Stats
# - % Correct
11. Beaches
84%
3. Apple Cider
79%
6. the perfect pair
79%
1. Take A Bite
73%
2. 10:36
72%
(2023, feat. Clairo) Glue Song
70%
4. Real Man
70%
2. California
69%
2. Cologne
69%
(2017) Coffee
67%
(2023, Laufey) A Night To Remember
63%
8. Talk
62%
13. (feat. pinkpantheress) tinkerbell is overrated
60%
1. Care
59%
4. She Plays Bass
57%
(2023) the way things go
57%
6. Girl Song
56%
7. Soren
56%
2. 1999
55%
1. Beatopia Cultsong
55%
2. Tired
55%
2. I Wish I Was Stephen Malkmus
53%
5. Ripples
53%
3. Sunny Day
53%
8. Ever Seen
52%
5. Tie My Shoes
52%
7. Coming Home
51%
5. If You Want To
51%
14. You're here that's the thing
51%
11. fairy song
50%
9. Lovesong
50%
5. Space Cadet
50%
14. This Is How It Went
50%
3. Animal Noises
49%
4. Art Class
49%
5. Charlie Brown
49%
1. Last Day On Earth
49%
(2020, Powfu) death bed (coffee for your head)
48%
3. Dye It Red
48%
10. Post
48%
1. Disappear
47%
1. Everest
47%
2. Worth It
47%
5. Angel
45%
4. He Gets Me So High
45%
3. One Time
45%
7. Sorry
45%
7. broken cd
44%
10. Pictures of Us
44%
12. Yoshimi, Forest, Magdalene
44%
4. See you Soon
42%
2. Bobby
41%
3. Dance with Me
41%
13. The Man Who Left Too Soon
41%
9. A Cruel Affair
40%
4. Ceilings
40%
9. Horen Sarrison
40%
(2017, Oscar Lang) The Moon Song
40%
6. Emo Song
38%
12. Everything I Want
38%
4. Angry Song
37%
12. Don't get the deal
36%
11. Together
36%
4. Back To Mars
35%
10. How Was Your Day?
33%
6. You Lie All The Time
33%
1. You Lie All The Time
33%
6. Eighteen
31%
3. Sun More Often
31%
8. Further Away
30%
1. Home Alone
29%
(2025) Sway - triple j Like A Version)
29%
7. The Way I Spoke
29%
(2022, Cavetown) fall in love with a girl
28%
(2018) Susie May
28%
3. Spacing Out
27%
1. Are You Sure
26%
(2022, Luna Li) Silver Into Rain
21%
(2020) Winter Wonderland
19%
2. Between the Bars
17%
(2020, No Rome & Jay Som) Hurry Home
17%
(2022, BLACKSTARKIDS) CYBERKISS 2 U*
16%
(2022, Deaton Chris Anthony) iScream
16%
(2024, The New Look) It's Only A Paper Moon
14%
(2023, Mac Wetha & Aminé) Fear Of Flying
13%
(2019, Spotify Singles) Don't You (Forget About Me)
12%
No matching quizzes found
Score Distribution
Percent of People with Each Score
Percentile by Number Answered
Your Score History
You have not taken this quiz